000 00930cam a22001934a 4500
005 20250605164121.0
008 250528s ||||||||||||||||||||||||d
035 _a18292
020 _a9603432857
040 _aGR-AtMCL
_bgre
_dGR-AtMCL
_eAACR2
245 1 _aΘεωρία Ελαστικότητας / Συνεργασία σε Θέματα Ασκήσεων: Δ. ΖΑΧΑΡΟΠΟΥΛΟΣ
260 _bΑδελφών Κυριακίδη Α.Ε,
_c1999
300 _a452
520 _aΠρόλογος, Θεωρία των Παραμορφώσεων, Θεωρία των Τάσεων, Βασικές Αρχές της Θεωρίας Ελαστικότητας - Καταστατικές Εξισώσεις, Το Επίπεδο Εντατικό Πρόβλημα, Βιβλιογραφία, Δείκτης Όρων.
700 1 _aΓδούτος Εμμανουήλ Ε
_94568
942 _cBK
999 _c3658
_d3658